[Event "SME Open"]
[Site "Ostrava CZE"]
[Date "2005.05.07"]
[Round "8"]
[White "Bartos,J"]
[Black "Bures,M"]
[Result "1/2-1/2"]
[WhiteElo "2293"]
[BlackElo "2183"]

1.d4 d6 2.c4 Nf6 3.Nc3 g6 4.e4 Bg7 5.Nf3 O-O 6.Be2 e5 7.dxe5 dxe5 8.Qxd8 Rxd8
9.Bg5 Re8 10.Nd5 Nxd5 11.cxd5 c6 12.Bc4 cxd5 13.Bxd5 Nd7 14.Nd2 Nc5 15.O-O-O Be6
16.Bxe6 Nxe6 17.Be3 a5 18.Kb1 b5 19.Nb3 a4 20.Nc5 Nd4 21.f3 Rac8 22.Rc1 Rc6
23.Nd3 Rec8 24.Rxc6 Rxc6 25.Rc1 Rxc1+ 26.Kxc1 Nc6 27.Kd2 Bf8 28.Nc1 f5 29.Kd3 Kf7
30.Bd2 Ke6 31.a3 Bc5 32.Ne2 Bd4 33.Bc3  1/2-1/2

[Event "ch-FRA National 1"]
[Site "Lille FRA"]
[Date "2005.05.08"]
[Round "11"]
[White "Doornbos,Y"]
[Black "Aguettaz,M"]
[Result "0-1"]
[WhiteElo "2321"]
[BlackElo "2342"]

1.d4 Nf6 2.c4 g6 3.Nc3 Bg7 4.e4 d6 5.Nf3 O-O 6.Be2 e5 7.d5 a5 8.Bg5 Qe8 9.Nd2 Na6
10.O-O h6 11.Be3 Bd7 12.Nb3 b6 13.Nd2 Nh7 14.a3 f5 15.f3 f4 16.Bf2 h5 17.Rb1 a4
18.Nb5 g5 19.Qxa4 g4 20.Kh1 Qg6 21.Rfc1 g3 22.Be1 h4 23.Bf1 Kh8 24.h3 Rg8
25.Qd1 Bh6 26.Qe2 Rg7 27.Rc2 Rag8 28.Nb3 Ng5 29.Bc3 Qh5 30.Qd1 Kh7 31.c5 bxc5
32.Na5 c4 33.Nc6 Nc5 34.Nxc7 Nd3 35.Nb5 Nxh3 36.gxh3 Nf2+ 37.Rxf2 gxf2 38.Nxd6 Qg5  0-1

[Event "SME Open"]
[Site "Ostrava CZE"]
[Date "2005.05.08"]
[Round "9"]
[White "Likavsky,T"]
[Black "Potomak,V"]
[Result "1-0"]
[WhiteElo "2459"]
[BlackElo "2185"]

1.d4 Nf6 2.c4 g6 3.Nc3 Bg7 4.e4 d6 5.Nf3 O-O 6.Be2 e5 7.O-O Nbd7 8.Qc2 c6
9.Rd1 Qe7 10.Rb1 a5 11.b3 Re8 12.d5 Nc5 13.Be3 Nfxe4 14.Nxe4 Nxe4 15.Qxe4 Bf5
16.Qh4 Qxh4 17.Nxh4 Bxb1 18.Rxb1 c5 19.g4 h6 20.f3 Bf6 21.Ng2 Bg5 22.Bd3 Kg7
23.Kf2 Rf8 24.h4 Bxe3+ 25.Nxe3 Kf6 26.Bc2 Kg7 27.Ke2 b6 28.Rg1 Rg8 29.Rh1 Rh8
30.Kd2 Rag8 31.Nf1 Kf6 32.Ng3 Ke7 33.Kc3 Rg7 34.Kb2 Kd7 35.h5 g5 36.Nf5 Rgg8
37.a3 Ra8 38.Ra1 Ra7 39.Ra2 Raa8 40.b4 axb4 41.axb4 Rxa2+ 42.Kxa2  1-0

[Event "SME Open"]
[Site "Ostrava CZE"]
[Date "2005.05.08"]
[Round "9"]
[White "Caletka,R"]
[Black "Chladny,R"]
[Result "1-0"]
[WhiteElo "2183"]
[BlackElo "2086"]

1.Nf3 Nf6 2.c4 g6 3.Nc3 Bg7 4.e4 d6 5.d4 O-O 6.Be2 e5 7.d5 a5 8.Bg5 h6 9.Bh4 Na6
10.Nd2 Qe8 11.O-O Nh7 12.a3 Bd7 13.b3 h5 14.f3 Bh6 15.Kh1 Be3 16.Rb1 g5 17.Bf2 Bxf2
18.Rxf2 h4 19.b4 axb4 20.axb4 b6 21.Qf1 Nf6 22.c5 Nh5 23.Bxa6 Ng3+ 24.hxg3 hxg3
25.Kg1 f6 26.Qd3 Qh5 27.Nf1 gxf2+ 28.Kxf2 f5 29.Ng3 Qh4 30.Rh1 fxe4 31.Nxe4 Qf4
32.Nh5 Bb5 33.Qxb5 Qxe4 34.Qd3 Qxd3 35.Bxd3 Ra2+ 36.Kg3 bxc5 37.bxc5 g4 38.cxd6 cxd6
39.Rc1 Rb8 40.Nf6+ Kg7 41.Nxg4 Rbb2 42.Rc7+ Kf8 43.Kh4 Rxg2 44.Kg5 Ra4 45.Be4 Ke8
46.Kf5 Kd8 47.Rh7 Kc8 48.Nf6 Rb2 49.Ke6 Ra6 50.Rd7 Rbb6 51.Ne8  1-0

[Event "62nd ch-GEO w"]
[Site "Tblisi GEO"]
[Date "2005.05.08"]
[Round "4"]
[White "Batsiashvili,N"]
[Black "Arakhamia,K"]
[Result "1/2-1/2"]
[WhiteElo "2278"]
[BlackElo "2452"]

1.d4 Nf6 2.c4 g6 3.Nc3 Bg7 4.e4 d6 5.Nf3 O-O 6.Be2 Na6 7.O-O e5 8.Be3 Ng4
9.Bg5 Qe8 10.dxe5 dxe5 11.h3 f6 12.Bd2 Nh6 13.Be3 c6 14.c5 Nf7 15.Rb1 f5
16.b4 f4 17.Bc1 Nc7 18.Qc2 Ne6 19.Na4 h5 20.Bb2 g5 21.Nh2 Nh6 22.Qd1 g4 23.hxg4 Ng5
24.gxh5 Nxe4 25.Nc3 Nf6 26.Bd3 Bf5 27.Bxf5 Nxf5 28.Re1 Rd8 29.Qa4 Nd4 30.Ne2 Qxh5
31.Bxd4 exd4 32.Nxf4 Qf5 33.Ne6 Ne4 34.Rxe4 Qxe4 35.Qb3 Rd5 36.Nxf8 Bxf8
37.Nf3 d3 38.Re1 Qf4 39.Re3 Kh8 40.Qc3+ Bg7 41.Qd2 Qf5 42.Ne1 Bh6 43.Qc3+ Bg7
44.Qd2 Bh6 45.Qc3+  1/2-1/2

[Event "Torch Real Estate Cup"]
[Site "Wuxi CHN"]
[Date "2005.05.08"]
[Round "7"]
[White "Xiu Deshun"]
[Black "Wang Rui"]
[Result "0-1"]
[WhiteElo "2343"]
[BlackElo "2457"]

1.d4 d6 2.Nf3 g6 3.c4 Bg7 4.Nc3 Nf6 5.e4 O-O 6.Be2 Na6 7.O-O e5 8.Be3 Ng4
9.Bg5 Qe8 10.dxe5 dxe5 11.h3 h6 12.Bd2 Nf6 13.Be3 Nh5 14.c5 Nf4 15.Bxa6 bxa6
16.Re1 Ne6 17.Qd5 c6 18.Qd2 Kh7 19.Rad1 Rb8 20.Qc1 Nc7 21.b3 Be6 22.Na4 f5
23.exf5 gxf5 24.Bd2 Bd5 25.Bc3 Bxf3 26.gxf3 Nd5 27.Kh2 Rg8 28.Qc2 Qg6 29.Rg1 Qh5
30.Rxg7+ Rxg7 31.Bxe5 Re8 32.Rxd5 cxd5 33.Bxg7 Kxg7 34.Qd3 Qh4 35.Kg2 Qg5+
36.Kf1 Qc1+ 37.Kg2 Rg8 38.f4 Kf6+ 39.Kf3 Qh1+ 40.Ke3 Re8+ 41.Kd4 Re4+  0-1

[Event "Torch Real Estate Cup"]
[Site "Wuxi CHN"]
[Date "2005.05.09"]
[Round "8"]
[White "Wang Yaoyao"]
[Black "Lin Chen"]
[Result "0-1"]
[WhiteElo "2456"]
[BlackElo "2332"]

1.d4 Nf6 2.c4 g6 3.Nc3 Bg7 4.e4 d6 5.Nf3 O-O 6.Be2 Nbd7 7.O-O e5 8.Be3 c6
9.d5 c5 10.Ne1 Ne8 11.Nd3 f5 12.f4 Qe7 13.exf5 gxf5 14.Kh1 Kh8 15.Qd2 b6
16.Rae1 Ndf6 17.Bd1 e4 18.Nf2 Rg8 19.Rg1 Bd7 20.h3 h5 21.g3 Bh6 22.Rg2 Rg7
23.Reg1 Rh7 24.a3 a5 25.Rh2 Bg7 26.Bc2 Nc7 27.a4 Rg8 28.Bd1 Bh6 29.Rgg2 Rg6
30.Qe1 Kg8 31.Be2 Kf8 32.Qd1 Nce8 33.g4 hxg4 34.hxg4 fxg4 35.Nxg4 Nxg4 36.Bxg4 Nf6
37.Bxd7 Rxg2 38.Kxg2 Qxd7 39.Rh4 Qg7+ 40.Kf2 Bxf4 41.Rxf4 Rh2+ 42.Ke1 Qg3+
43.Kf1 Rh1+ 44.Ke2 Rxd1 45.Nxd1 Ke7 46.Nf2 Qg6 47.Bd2 Kd7 48.Kd1 Qg1+ 49.Kc2 Nh5
50.Rf7+ Ke8 51.Rf5 e3  0-1

[Event "FSGM May"]
[Site "Budapest HUN"]
[Date "2005.05.10"]
[Round "4"]
[White "Paschall,W"]
[Black "Wittmann,W"]
[Result "1/2-1/2"]
[WhiteElo "2400"]
[BlackElo "2386"]

1.Nf3 Nf6 2.c4 g6 3.Nc3 Bg7 4.e4 d6 5.d4 O-O 6.Be2 e5 7.O-O Na6 8.Be3 Ng4
9.Bg5 Qe8 10.dxe5 dxe5 11.h3 h6 12.Bd2 Nf6 13.Be3 Qe7 14.Nd5 Qd8 15.Qc1 Kh7
16.Rd1 Nxe4 17.Nb6 axb6 18.Rxd8 Rxd8 19.Ne1 Nec5 20.Bd2 Ne4 21.Be3 Nec5 22.Bd2  1/2-1/2

[Event "Torch Real Estate Cup"]
[Site "Wuxi CHN"]
[Date "2005.05.10"]
[Round "9"]
[White "Liu Xianglin"]
[Black "Xu Tong"]
[Result "1-0"]
[WhiteElo "2223"]
[BlackElo "2167"]

1.d4 Nf6 2.Nf3 g6 3.c4 Bg7 4.Nc3 O-O 5.e4 d6 6.Be2 e5 7.dxe5 dxe5 8.Qxd8 Rxd8
9.Bg5 Re8 10.Nd5 Nxd5 11.cxd5 c6 12.Bc4 Bd7 13.O-O-O cxd5 14.Bxd5 Bc6 15.Bxc6 Nxc6
16.Rd7 b6 17.Kb1 h6 18.Rc1 Re6 19.Be3 Kf8 20.a3 Ke8 21.Rc7 Nd8 22.Bd2 Bf8
23.Bb4 Bxb4 24.axb4 g5 25.Rd1 a5 26.b5 a4 27.Ka2 Re7 28.Rxe7+ Kxe7 29.Nxe5 Rc8
30.Nd7 Ke8 31.Nxb6 Rc2 32.Nd5 Rxf2 33.b6 Rxg2 34.Rc1 Rd2 35.Rc8 a3 36.Kxa3 Rxd5
37.exd5 Kd7 38.Rc3 f5 39.Rc7+ Kd6 40.Rh7 Kxd5 41.Rd7+  1-0

[Event "ch-LTU"]
[Site "Siauliai LTU"]
[Date "2005.05.11"]
[Round "7"]
[White "Zagorskis,D"]
[Black "Sakalauskas,V"]
[Result "1-0"]
[WhiteElo "2482"]
[BlackElo "2476"]

1.Nf3 Nf6 2.c4 g6 3.Nc3 Bg7 4.e4 d6 5.d4 O-O 6.Be2 Na6 7.O-O e5 8.Re1 c6
9.Rb1 exd4 10.Nxd4 Re8 11.f3 Nc7 12.Bg5 h6 13.Bh4 Ne6 14.Nc2 Nf4 15.Bf1 g5
16.Bf2 Ng6 17.Qd2 Be6 18.Rbd1 Bf8 19.Nd4 Qc7 20.Rc1 Nd7 21.Nd5 Qd8 22.Ne3 Nde5
23.Ndf5 Qf6 24.Rcd1 Red8 25.Qc2 Rac8 26.Qb1 a6 27.b3 Nf4 28.Kh1 d5 29.exd5 cxd5
30.cxd5 Nxd5 31.Nxd5 Rxd5 32.Rxd5 Bxd5 33.Bd4 Re8 34.Re3 Bc6 35.Ng3 Qd6 36.Qb2 Ng6
37.Rxe8 Bxe8 38.Ne4  1-0

[Event "Victory Cup"]
[Site "Alushta UKR"]
[Date "2005.05.13"]
[Round "2"]
[White "Belikov,V"]
[Black "Lahiri,A"]
[Result "1/2-1/2"]
[WhiteElo "2517"]
[BlackElo "2355"]

1.d4 Nf6 2.c4 g6 3.Nc3 Bg7 4.e4 d6 5.Nf3 O-O 6.Be2 e5 7.Be3 Ng4 8.Bg5 f6
9.Bc1 exd4 10.Nxd4 f5 11.O-O fxe4 12.Bxg4 Bxg4 13.Qxg4 Bxd4 14.Bh6 Bg7 15.Bxg7 Kxg7
16.Nxe4 Rf5 17.Ng3 Rf7 18.Rae1 Qd7 19.Qd4+ Kg8 20.f4 Nc6 21.Qd5 Rf8 22.Ne4 Kh8
23.Qd2 Qf5 24.b4 Re7 25.Ng3 Qf6 26.Rxe7 Nxe7 27.Ne4 Qf5 28.Qd4+ Kg8 29.Ng3 Qe6
30.Qc3 Nf5 31.Nxf5 Qxf5 32.Qf3 c6 33.Qe3 a6 34.Qe7 Qf6 35.Qxf6  1/2-1/2

[Event "Torch Real Estate Cup"]
[Site "Wuxi CHN"]
[Date "2005.05.13"]
[Round "12"]
[White "Sun Yinan"]
[Black "Zhang Xiaowen"]
[Result "1/2-1/2"]
[WhiteElo "2171"]
[BlackElo "2191"]

1.d4 Nf6 2.c4 g6 3.Nc3 Bg7 4.e4 d6 5.Nf3 O-O 6.Be2 e5 7.dxe5 dxe5 8.Qxd8 Rxd8
9.Bg5 Re8 10.Nd5 Nxd5 11.cxd5 Bf8 12.O-O c6 13.Bc4 b5 14.Bb3 Bb7 15.Rfd1 c5
16.d6 c4 17.d7 Nxd7 18.Rxd7 Bc8 19.Rd5 cxb3 20.Rxb5 bxa2 21.Rxa2 Be6 22.Raa5 a6
23.Rb6 Reb8 24.Raxa6  1/2-1/2

[Event "FSGM May"]
[Site "Budapest HUN"]
[Date "2005.05.14"]
[Round "8"]
[White "Berczes,D"]
[Black "Wittmann,W"]
[Result "1-0"]
[WhiteElo "2342"]
[BlackElo "2386"]

1.d4 Nf6 2.c4 g6 3.Nc3 Bg7 4.e4 d6 5.Be2 O-O 6.Nf3 e5 7.O-O Na6 8.Re1 c6
9.Bf1 exd4 10.Nxd4 Ng4 11.h3 Qb6 12.hxg4 Qxd4 13.g5 Nc5 14.Qc2 Qe5 15.Be3 Qe7
16.Rad1 a5 17.Qd2 Nxe4 18.Nxe4 Qxe4 19.Qxd6 Be6 20.Bd4 Qh4 21.Bxg7 Kxg7 22.Qe5+ Kg8
23.Rd4 Bg4 24.Qf4 f5 25.Re7 Rae8 26.Rdd7 Rxe7 27.Rxe7 Rf7 28.Qb8+ Rf8 29.Qe5  1-0

[Event "48th TCh-SCG"]
[Site "Herceg Novi SCG"]
[Date "2005.05.15"]
[Round "1"]
[White "Maksimovic,B"]
[Black "Djuric,P"]
[Result "1-0"]
[WhiteElo "2385"]
[BlackElo "2228"]

1.d4 Nf6 2.c4 g6 3.Nc3 Bg7 4.e4 d6 5.Be2 O-O 6.Nf3 e5 7.O-O Na6 8.Be3 Ng4
9.Bg5 f6 10.Bd2 c6 11.h3 Nh6 12.dxe5 dxe5 13.Be3 Qe7 14.a3 Rd8 15.Qc2 Nf7
16.Rfd1 Rxd1+ 17.Rxd1 Bh6 18.Bxh6 Nxh6 19.b4 Nf7 20.c5 Nc7 21.Bc4 Be6 22.Nd5 cxd5
23.exd5 Nxd5 24.Bxd5 Rd8 25.Qc4 Bxd5 26.Rxd5 Qe6 27.Rxd8+ Nxd8 28.Nd2 Qxc4
29.Nxc4 Kf7 30.Kf1 Ke6 31.Ke2 Kd5 32.Kd3 Ne6 33.Ne3+ Kc6 34.Ng4 Nf4+ 35.Kc4 Nxg2
36.b5+ Kc7 37.Nxf6 h5 38.a4 h4 39.a5 a6 40.b6+ Kc8 41.Nd5 g5 42.Ne7+ Kd7
43.Ng6 Nf4 44.Nxe5+ Kc8 45.c6 bxc6 46.Kc5 Kb7 47.Kd6 g4 48.Nxg4 Nxh3 49.Ke5 Ng5
50.f4 Nf7+ 51.Ke6 Nd8+ 52.Ke7 c5 53.Kxd8 c4 54.f5 c3 55.Ne3 h3 56.f6 h2 57.f7 h1=Q
58.f8=Q  1-0

[Event "48th TCh-SCG"]
[Site "Herceg Novi SCG"]
[Date "2005.05.15"]
[Round "1"]
[White "Solak,D"]
[Black "Brenjo,S"]
[Result "1/2-1/2"]
[WhiteElo "2582"]
[BlackElo "2463"]

1.d4 Nf6 2.c4 g6 3.Nc3 Bg7 4.e4 d6 5.Nf3 O-O 6.Be2 e5 7.d5 a5 8.Be3 Ng4 9.Bg5 f6
10.Bd2 Na6 11.h3 Nh6 12.h4 Nc5 13.h5 g5 14.Be3 g4 15.Nh4 f5 16.exf5 Nxf5
17.Nxf5 Bxf5 18.h6 Bf6 19.Bxc5 dxc5 20.Bxg4 Bg6 21.Bh5 Bh4 22.Qg4 Bxf2+ 23.Ke2 Ra6
24.g3  1/2-1/2

[Event "ch-UKR sf"]
[Site "Alushta UKR"]
[Date "2005.05.16"]
[Round "1"]
[White "Popov,SA"]
[Black "Onischuk,V"]
[Result "0-1"]
[WhiteElo "2151"]
[BlackElo "2353"]

1.d4 Nf6 2.Nf3 g6 3.c4 Bg7 4.Nc3 O-O 5.e4 d6 6.Be2 e5 7.O-O Na6 8.a3 exd4
9.Nxd4 Nc5 10.f3 Re8 11.Be3 c6 12.Bf2 a5 13.b3 Nh5 14.b4 axb4 15.axb4 Rxa1
16.Qxa1 Nf4 17.Qd1 Qg5 18.g3 Nh3+ 19.Kg2 Nxf2 20.Rxf2 Qe3 21.Nc2 Qxc3 22.bxc5 dxc5
23.Bf1 Be6 24.Qb1 Rd8 25.Qxb7 Rd2 26.Qa8+ Bf8 27.Qa4 Bh3+ 28.Kg1 Rxf2 29.Kxf2 Bxf1
30.Kxf1 Qxf3+ 31.Kg1 Qxe4 32.Qb3 h5 33.h4 Bd6 34.Kf2 Be5 35.Ne1 Bd4+ 36.Kf1 Qh1+
37.Ke2 Qh2+ 38.Kd1 Be5 39.Qe3 Qxg3 40.Nf3 Qf4  0-1

[Event "FSGM May"]
[Site "Budapest HUN"]
[Date "2005.05.16"]
[Round "10"]
[White "Gonda,L"]
[Black "Wittmann,W"]
[Result "1-0"]
[WhiteElo "2416"]
[BlackElo "2386"]

1.d4 Nf6 2.Nf3 g6 3.c4 Bg7 4.Nc3 O-O 5.e4 d6 6.Be2 e5 7.O-O Na6 8.Re1 c6
9.Bf1 Bg4 10.d5 cxd5 11.cxd5 Ne8 12.Be2 Bd7 13.a4 h6 14.g3 f5 15.Nh4 Qf6
16.exf5 Bxf5 17.Nxf5 gxf5 18.f4 Nc5 19.a5 Nc7 20.Be3 exf4 21.Bxf4 Rfe8 22.Rc1 N7a6
23.Nb5 Rad8 24.Rc4 Re4 25.b3 Nb4 26.Qd2 Nba6 27.Rxe4 Nxe4 28.Qe3 Nb4 29.Qxa7 Nc2
30.Rf1 Nc3 31.Nxc3 Qxc3 32.Qxb7 Ne3 33.Qe7 Bf6 34.Qe6+ Kf8 35.Bxh6+  1-0

[Event "Capablanca Mem Mixto"]
[Site "Havana CUB"]
[Date "2005.05.16"]
[Round "9"]
[White "Iturrizaga,E"]
[Black "Perez,Ang"]
[Result "1-0"]
[WhiteElo "2225"]
[BlackElo "2406"]

1.c4 g6 2.Nc3 Bg7 3.d4 d6 4.Nf3 Nf6 5.e4 O-O 6.Be2 Na6 7.O-O e5 8.d5 Nc5
9.Qc2 a5 10.Bg5 h6 11.Bh4 Bd7 12.Nd2 Qe8 13.Nb3 Nxb3 14.axb3 Nh7 15.Nb5 g5
16.Bg3 Qe7 17.f3 c5 18.dxc6 bxc6 19.Nc3 Be6 20.Rfd1 Rfd8 21.Bf2 Nf6 22.Na4 c5
23.Nc3 Ne8 24.Be1 Ra6 25.Ra3 Rda8 26.Rda1 Bf6 27.Nd5 Qb7 28.Bxa5 Bxd5 29.cxd5 R6a7
30.Bc4 Nc7 31.Qe2 Kf8 32.g3 Bd8 33.Kg2 Nb5 34.Bxb5 Rxa5 35.Qc4 Rxa3 36.bxa3 Rb8
37.Ba4 Qb6 38.Kf2 Qa5 39.Ke2 Qa7 40.Bc6 Qa5 41.Ba4 Qa7 42.Rf1 Ba5 43.Kd3 Rb6
44.Rb1 Rb8 45.Rf1 Rb6 46.Rh1 Rb8 47.Kc2 Bd8 48.Rf1 Bf6 49.Ra1 Bd8 50.Bb5 Qa5
51.a4 Qa7 52.Rf1 Ba5 53.Kd3 Qe7 54.Qc2 Qf6 55.Kc4 Qe7 56.Qg2 Qf6 57.Qh3 Rd8
58.Qg4 Bd2 59.Kd3 Ba5 60.Kc4 Bd2 61.Rh1 Qe7 62.Rd1 Ba5 63.h4 Qf6 64.Rh1 Ke7
65.Bc6 Bd2 66.Rh2 Ba5 67.hxg5 hxg5 68.Rh5 Bd2 69.Kd3 Bc1 70.a5 Kf8 71.Qf5 Qxf5
72.exf5 Ba3 73.Rh8+  1-0

[Event "Open"]
[Site "Znojmo CZE"]
[Date "2005.05.16"]
[Round "2"]
[White "Bartos,J"]
[Black "Simecek,B"]
[Result "1-0"]
[WhiteElo "2293"]
[BlackElo "2109"]

1.d4 Nf6 2.c4 g6 3.Nc3 Bg7 4.e4 d6 5.Nf3 O-O 6.Be2 e5 7.dxe5 dxe5 8.Qxd8 Rxd8
9.Bg5 c6 10.Nxe5 Re8 11.O-O-O Na6 12.Rd6 Be6 13.f4 h6 14.Bxf6 Bxf6 15.Rhd1 Bxe5
16.fxe5 Rac8 17.Kd2 Re7 18.Ke3 Rce8 19.Rd8 Kf8 20.h4 Nc5 21.Rxe8+ Rxe8 22.b4 Nd7
23.Nd5 cxd5 24.cxd5 Nxe5 25.dxe6 Rxe6 26.b5 Ke7 27.Rd4 Nd7 28.Rc4 f5 29.Bf3 b6
30.Rc7 Kd6 31.Rc6+ Ke7 32.Kd4 fxe4 33.Bxe4 Rxc6 34.bxc6 Nf8 35.Ke5 g5 36.hxg5 hxg5
37.Kf5 Ne6 38.g4 Nc5 39.Bc2 Kd6 40.Kxg5 Kxc6 41.Kf6 Nd7+ 42.Ke7 Ne5 43.g5 Kd5
44.g6 Nxg6+ 45.Bxg6 b5 46.Kd7 a5 47.Kc7 Kc5 48.Kb7 b4 49.Ka6 b3 50.a3  1-0

[Event "ch-UKR sf"]
[Site "Alushta UKR"]
[Date "2005.05.17"]
[Round "2"]
[White "Grinev,V"]
[Black "Solomaha,A"]
[Result "1-0"]
[WhiteElo "2222"]
[BlackElo "2384"]

1.d4 Nf6 2.c4 g6 3.Nc3 Bg7 4.e4 d6 5.Nf3 O-O 6.Be2 e5 7.Be3 c6 8.d5 Ng4 9.Bg5 f6
10.Bh4 Na6 11.Nd2 Nh6 12.O-O Nf7 13.Bd3 h5 14.f3 Qb6+ 15.Kh1 Qxb2 16.Nb3 Qa3
17.Be1 Nc5 18.Nxc5 Qxc5 19.Na4 Qe3 20.f4 Bg4 21.Qc2 b5 22.Bd2 Qd4 23.Bc3 Qe3
24.Rae1 Qxe1 25.Rxe1 bxa4 26.dxc6 exf4 27.h3 Be6 28.Qxa4 Ne5 29.Bxe5 fxe5
30.c5 dxc5 31.Bc4 Rfe8 32.Bxe6+ Rxe6 33.c7 Re7 34.Qc4+ Kf8 35.Qxc5 Rc8 36.Rc1  1-0

[Event "ch-UKR sf"]
[Site "Alushta UKR"]
[Date "2005.05.17"]
[Round "2"]
[White "Ipatov,A"]
[Black "Alexikov,A"]
[Result "0-1"]
[WhiteElo "2096"]
[BlackElo "2353"]

1.d4 Nf6 2.c4 g6 3.Nc3 Bg7 4.e4 d6 5.Nf3 O-O 6.Be2 e5 7.dxe5 dxe5 8.Qxd8 Rxd8
9.Bg5 Re8 10.Nd5 Nxd5 11.cxd5 c6 12.Bc4 b5 13.Bb3 Bb7 14.Rd1 c5 15.a4 a6
16.O-O Nd7 17.Bc2 c4 18.Be3 Bf8 19.b4 a5 20.bxa5 b4 21.Nd2 Rec8 22.Nxc4 Rxc4
23.Bd3 Rc3 24.Bb5 Nc5 25.Bd2 Rb3 26.Rfe1 Bd6 27.Bg5 Kg7 28.f3 Rxa5 29.Bc6 Ra6
30.Bb5 Ra8 31.Be3 Nxa4 32.Bc6 Bxc6 33.dxc6 Rxe3 34.Rxe3 Bc5 35.Kf2 b3 36.Rd3 b2
37.Rb3 Bxe3+ 38.Kxe3 Nc3  0-1

[Event "ch-LAT"]
[Site "Riga LAT"]
[Date "2005.05.17"]
[Round "7"]
[White "Krivonosov,O"]
[Black "Katishonok,N"]
[Result "1/2-1/2"]
[WhiteElo "2454"]
[BlackElo "2330"]

1.Nf3 Nf6 2.c4 g6 3.Nc3 Bg7 4.d4 O-O 5.e4 d6 6.Be2 e5 7.dxe5 dxe5 8.Qxd8 Rxd8
9.Bg5 Re8 10.Nd5 Nxd5 11.cxd5 c6 12.Bc4 b5 13.Bb3 Bb7 14.Rc1 a5 15.a3 h6
16.Be3 a4 17.Ba2 Ra6 18.Ke2 cxd5 19.Rc7 Ba8 20.Rd1 Rd6 21.Bxd5 Bxd5 22.Rxd5 Rxd5
23.exd5 f5 24.Bb6 Bf8 25.Nh4 b4 26.axb4 Na6 27.Rc6 Nxb4 28.Rxg6+ Kf7 29.d6 Nd5
30.d7 Rb8 31.Rc6 Be7 32.d8=Q Bxd8 33.Bxd8 Rxb2+ 34.Kf3  1/2-1/2

[Event "Chigorin CC"]
[Site "St Petersburg RUS"]
[Date "2005.05.17"]
[Round "2"]
[White "Shchukin,D"]
[Black "Gavriushov,A"]
[Result "1-0"]
[WhiteElo "2347"]
[BlackElo "2189"]

1.e4 g6 2.d4 Bg7 3.c4 d6 4.Nc3 Nf6 5.Nf3 O-O 6.Be2 e5 7.d5 Nbd7 8.Bg5 a5
9.Nd2 Nc5 10.O-O b6 11.Qc2 Qd7 12.b3 h6 13.Be3 Ng4 14.Bxg4 Qxg4 15.f3 Qh4
16.a3 f5 17.b4 axb4 18.axb4 Rxa1 19.Rxa1 Na6 20.Qb3 Kh8 21.Nb5 f4 22.Bf2 Qe7
23.Na7 Bb7 24.Nb1 Ra8 25.Nc6 Qd7 26.Ra4 Kh7 27.Qa3 Qe8 28.Nc3 Bf8 29.h3 g5
30.Nb5 h5 31.Nca7 Qd7 32.Rxa6 g4 33.Ra4 gxh3 34.Qc1 Bh6 35.Ra2 hxg2 36.Kxg2 Rg8+
37.Kh2 Rg3 38.Qf1 h4 39.Be1 h3 40.Nc3 Qg7 41.Bxg3 fxg3+ 42.Kxh3 Bf4 43.Kg2 Kg6
44.Qh1 Qf6 45.Qh3  1-0

[Event "ch-UKR sf"]
[Site "Alushta UKR"]
[Date "2005.05.18"]
[Round "3"]
[White "Lichman,P"]
[Black "Aliferenko,A"]
[Result "1/2-1/2"]
[WhiteElo "2256"]
[BlackElo "2356"]

1.d4 Nf6 2.c4 d6 3.Nc3 g6 4.e4 Bg7 5.Be2 O-O 6.Nf3 c6 7.O-O e5 8.Re1 Nbd7
9.Bf1 Re8 10.d5 Nb6 11.dxc6 bxc6 12.c5 dxc5 13.Qxd8 Rxd8 14.Nxe5 Bd7 15.Nd3 c4
16.Ne5 Ng4 17.Nxc4 Nxc4 18.Bxc4 Ne5 19.Bf1 Be6 20.f4 Nd3 21.Bxd3 Bxc3 22.bxc3 Rxd3
23.Re3 Rd1+ 24.Kf2 Rad8 25.Re1 R1d3 26.Re3 Rd1 27.h3 Bc4 28.Re1 Rxe1 29.Kxe1 Re8
30.Kf2 Rxe4 31.Be3 f6 32.Rb1 Bxa2 33.Rb8+  1/2-1/2

[Event "Chigorin CC"]
[Site "St Petersburg RUS"]
[Date "2005.05.18"]
[Round "3"]
[White "Stotika,V"]
[Black "Toporov,V"]
[Result "1-0"]
[WhiteElo "2309"]
[BlackElo "2107"]

1.d4 Nf6 2.c4 g6 3.Nc3 Bg7 4.e4 d6 5.Be2 O-O 6.Nf3 e5 7.d5 a5 8.O-O Na6 9.Ne1 Nc5
10.Qc2 c6 11.Be3 cxd5 12.cxd5 b6 13.f3 Nh5 14.Qd2 a4 15.Nd3 a3 16.b4 Nxd3
17.Bxd3 Nf4 18.Bb5 f5 19.Bc6 Rb8 20.Rab1 Nh5 21.Rb3 f4 22.Bf2 g5 23.Rxa3 g4
24.fxg4 Bxg4 25.Ra7 Qg5 26.Be1 Rbd8 27.Bb5 Rf6 28.Be2 Bxe2 29.Nxe2 Rg6 30.Nc3 Rf8
31.Rf3 Nf6 32.h3 Rc8 33.Qe2 Rc4 34.Bh4 Qxh4 35.Qxc4 h5 36.Qe2 Qg5 37.Rb7 Bf8
38.Rxb6 Ng4 39.Nd1 Nf6 40.Rc3 Rg7 41.Rb8 Qg6 42.Rcc8 Rf7 43.Nc3 Qg3 44.Qf3 Qe1+
45.Kh2 Kg7 46.b5 Be7 47.Rc7 Nh7 48.Ne2 Kh6 49.Re8 Qh4 50.Rexe7 Rxe7 51.Rxe7 Qxe7
52.b6 Ng5 53.Qb3 Qb7 54.Qb4 Nxe4 55.Qxe4 Qxb6 56.a4 Qc5 57.Qd3 Kg5 58.Nc3 Kh6
59.Ne4 Qb4 60.h4 Qe1 61.Nxd6 Qxh4+ 62.Qh3 Qe1 63.Qe6+ Kg7 64.Nf5+  1-0

[Event "ch-UKR sf"]
[Site "Alushta UKR"]
[Date "2005.05.19"]
[Round "4"]
[White "Hatchatrian,S"]
[Black "Yusupov,M"]
[Result "1-0"]
[WhiteElo "2308"]
[BlackElo "2157"]

1.d4 g6 2.Nf3 Bg7 3.c4 Nf6 4.Nc3 O-O 5.e4 d6 6.Be2 e5 7.d5 Nbd7 8.Bg5 h6
9.Bh4 g5 10.Bg3 Nh5 11.h4 Nxg3 12.fxg3 g4 13.Nh2 h5 14.O-O Bh6 15.Rf5 Nf6
16.Qf1 Kg7 17.Bd3 Bxf5 18.Qxf5 Be3+ 19.Kh1 Qd7 20.Qf1 Nxe4 21.Bxe4 f5 22.Qe2 Bh6
23.Bc2 Rf7 24.Rf1 Raf8 25.Rf2 Qe7 26.Nxg4 fxg4 27.Qe4 Rh8 28.Rxf7+ Qxf7 29.c5 a6
30.Bd3 Bd2 31.Nd1 Qf6 32.b4 Kf7 33.a4 Ke7 34.c6 bxc6 35.dxc6 Rd8 36.Bc4 Kf8
37.Qd5 Bh6 38.Qg8+ Ke7 39.Qh7+ Ke8 40.Qg8+ Ke7 41.Qh7+ Qg7 42.Qe4 Bd2 43.Qd5 Qf6
44.Qxd2 d5 45.Bxd5 Qxc6 46.Ne3 Qf6 47.Qc2 Rd7 48.Qh7+ Kd8 49.Qg8+ Ke7 50.Bc6 Qxc6
51.Nf5+ Kf6 52.Qg5+ Kf7 53.Qg7+  1-0

[Event "HB Global CC"]
[Site "Minneapolis USA"]
[Date "2005.05.19"]
[Round "3"]
[White "Pismenny,A"]
[Black "Matikozian,A"]
[Result "0-1"]
[WhiteElo "2301"]
[BlackElo "2515"]

1.c4 Nf6 2.Nc3 g6 3.e4 d6 4.d4 Bg7 5.Nf3 O-O 6.Be2 e5 7.dxe5 dxe5 8.Qxd8 Rxd8
9.Bg5 Re8 10.Nd5 Nxd5 11.cxd5 c6 12.Bc4 cxd5 13.Bxd5 Nd7 14.Rc1 h6 15.Be3 Nf6
16.O-O Nxd5 17.exd5 Rd8 18.Rc7 Rxd5 19.Rfc1 Rd8 20.b4 b6 21.a4 Be6 22.a5 bxa5
23.bxa5 a6 24.Nd2 Rac8 25.f3 Rxc7 26.Rxc7 Rd3 27.Nf1 Ra3 28.Bb6 Bf8 29.Rb7 Bc4
30.Ne3 Ra1+ 31.Kf2 Ra2+ 32.Kg3 Be6 33.Rb8 f5 34.f4 g5 35.fxg5 Kf7 36.g6+ Kg7
37.Bc7 f4+ 38.Kh4 fxe3 39.Bxe5+ Kxg6 40.Rxf8 Rf2 41.Rf3 e2 42.Bc3 Rf1 43.Re3 Bc4
44.Kg3 h5 45.h4 Rb1 46.Kf2 Bb5 47.Be1 Kf5 48.Rg3 Ke4 49.Rg5 Bd3 50.Rxh5 Rb7
51.g4 Kd4 52.Rh8 Rf7+ 53.Kg3 Be4 54.Rd8+ Bd5 55.Bf2+ Kc4 56.Rc8+ Kb3 57.Rc5 Rf3+
58.Kg2 Be4  0-1

[Event "VII Open"]
[Site "Salou ESP"]
[Date "2005.05.20"]
[Round "1"]
[White "Pogorelov,R"]
[Black "Caballero Gomez Casero,E"]
[Result "1-0"]
[WhiteElo "2448"]
[BlackElo "1843"]

1.Nf3 Nf6 2.c4 g6 3.Nc3 Bg7 4.e4 d6 5.d4 O-O 6.Be2 Nbd7 7.O-O e5 8.Qc2 c6
9.Rd1 Qe7 10.Rb1 a5 11.Bg5 h6 12.Bh4 g5 13.Bg3 Nh5 14.a3 Nxg3 15.hxg3 f5
16.exf5 Nf6 17.dxe5 dxe5 18.b4 e4 19.Nd4 e3 20.c5 exf2+ 21.Kxf2 Kh8 22.g4 axb4
23.axb4 Ra3 24.Rb3 Rxb3 25.Qxb3 Qe5 26.g3 Re8 27.Kg2 Ne4 28.Nxe4 Qxe4+ 29.Bf3 Qe3
30.Qxe3 Rxe3 31.Nxc6  1-0

[Event "VII Open"]
[Site "Salou ESP"]
[Date "2005.05.20"]
[Round "1"]
[White "Gonzalez Garcia,J"]
[Black "Rautanen,S"]
[Result "1-0"]
[WhiteElo "2469"]
[BlackElo "1913"]

1.d4 d6 2.Nf3 Nf6 3.c4 Nbd7 4.Nc3 e5 5.e4 g6 6.Be2 Bg7 7.O-O O-O 8.Re1 c6
9.Bf1 a5 10.Rb1 exd4 11.Nxd4 Nc5 12.Bf4 Nh5 13.Be3 Re8 14.Qc2 Nf6 15.f3 Nfd7
16.Qd2 Ne5 17.Nb3 Be6 18.Nxc5 dxc5 19.Qf2 Nd3 20.Bxd3 Qxd3 21.Na4 Qxc4 22.Nb6 Qxa2
23.Nxa8 Rxa8 24.Bxc5 Qb3 25.Bd4 Rc8 26.Bxg7 Kxg7 27.f4 Bc4 28.Rbd1 c5 29.f5 Bd3
30.f6+ Kh8 31.e5 Bf5 32.Qxc5  1-0

[Event "HB Global CC"]
[Site "Minneapolis USA"]
[Date "2005.05.21"]
[Round "6"]
[White "Simutowe,A"]
[Black "Atoofi,P"]
[Result "1-0"]
[WhiteElo "2435"]
[BlackElo "2284"]

1.Nf3 Nf6 2.c4 g6 3.Nc3 Bg7 4.e4 d6 5.d4 O-O 6.Be2 Na6 7.O-O e5 8.Be3 Ng4
9.Bg5 Qe8 10.h3 h6 11.Bc1 exd4 12.Nxd4 Nf6 13.Bf3 Qe5 14.Be3 c6 15.Nde2 g5
16.Ng3 Be6 17.Be2 Rad8 18.Bd4 Qf4 19.Nf5 d5 20.Nxg7 Kxg7 21.cxd5 cxd5 22.Bxa6 bxa6
23.g3 Qc7 24.Qf3 Qe7 25.exd5  1-0

[Event "HB Global CC"]
[Site "Minneapolis USA"]
[Date "2005.05.21"]
[Round "7"]
[White "Van de Mortel,J"]
[Black "Nagle,S"]
[Result "1/2-1/2"]
[WhiteElo "2410"]
[BlackElo "2397"]

1.d4 g6 2.Nf3 Bg7 3.c4 d6 4.Nc3 Nf6 5.e4 O-O 6.Be2 e5 7.d5 a5 8.Nd2 Na6 9.h4 h5
10.Nf3 Nc5 11.Ng5 c6 12.Be3 cxd5 13.cxd5 Bd7 14.Bxc5 dxc5 15.a4 Ne8 16.Bb5 Nd6
17.Bxd7 Qxd7 18.Qe2 Ra6 19.Nb5 Rb6 20.Nxd6 Qxd6 21.O-O Bh6 22.Rfc1 Bxg5 23.hxg5 Rb4
24.Rc4 Qa6 25.b3 Rxb3 26.Qc2 Rb2 27.Qxb2 Qxc4 28.Qxe5 Qd3 29.Rc1 c4 30.Kh2 Qd2
31.Rxc4 Qxf2 32.Rc3 Qh4+ 33.Rh3 Qg4 34.Rf3 Qd7 35.Qd4 Qg4 36.Qe5 Qd7 37.Qd4 Qg4  1/2-1/2

[Event "ch-UKR sf"]
[Site "Alushta UKR"]
[Date "2005.05.22"]
[Round "7"]
[White "Borsuk,K"]
[Black "Shkuro,I"]
[Result "1/2-1/2"]
[WhiteElo "2207"]
[BlackElo "2418"]

1.d4 Nf6 2.c4 g6 3.Nc3 Bg7 4.e4 d6 5.Nf3 O-O 6.Be2 e5 7.O-O exd4 8.Nxd4 Re8
9.f3 Nh5 10.Be3 f5 11.Qd2 f4 12.Bf2 Be5 13.Rfd1 Qf6 14.c5 dxc5 15.Nb3 Nc6
16.Nxc5 g5 17.Bc4+ Kh8 18.h3 Ng3 19.Nd3 Bd4 20.Nb5 Bxf2+ 21.Nxf2 Qg7 22.Qc3 Ne5
23.Rd2 a6 24.Nd4 h5 25.Nd3 g4 26.Nxe5 Rxe5 27.hxg4 hxg4 28.Ne2 Nxe2+ 29.Bxe2 g3
30.Rd8+ Kh7 31.Kf1  1/2-1/2